Письма Евреинова Александра Александровича, Пензенского губернатора - Шиллингу М. Ф. /на франц. яз./

Доступно только в Электронных читальных залах Найти на картеНа карте
RUSMARC
00004626nac2a22003133x 450
0011a11ee12-ddb7-4cc3-a7f8-5634d825c367
00520211214210542.0
100##$a20211122l19101914k y0rusy50 ca
1010#$afre
$arus
102##$aRU
105##$ay z |||e|
1222#$ad19101231
$ad19141010
2001#$aПисьма Евреинова Александра Александровича, Пензенского губернатора - Шиллингу М. Ф. /на франц. яз./
$j1910 - 10 октября 1914
215##$a15 листов
251##$cДело
300##$aЗаголовок дела на папке: Письма Евреинова Александра Александровича - Пензенский губернатор - Шиллингу М. Ф.
300##$aНа папке дела: 29/3-1910-10/10-1914
300##$aЧасть текста на французском языке
300##$aЛисты: 1, 4, 7 - конверты с марками; 10, 13 - конверты; 15 - чистый
300##$aРукописный текст
330##$aВходит в раздел описи: 3. Документы о научной и литературной деятельности барона Шиллинга М. Ф.. Письма разных лиц Шиллингу М. Ф.
461#0$1001ff9fc58f-089b-437b-980d-902343bc59d8
$12001
$aШиллинг Маврикий Фабианович, барон, секретарь русского посольства в Вене
$1251
$cФонд
$1852
$j813
462#0$1001665c067c-d934-4316-b9df-5bf0ad49190b
$12001
$aДела постоянного хранения. 1817-1917
$vД. 248
$1251
$cОпись
$1852
$j1
5171#$aПисьма Евреинова Александра Александровича - Пензенский губернатор - Шиллингу М. Ф.
600#1$aШиллинг
$bМ. Ф.
$cбарон
$gМаврикий Фабианович
600#1$aЕвреинов
$bА. А.
$gАлександр Александрович
801#0$aRU
$bGA_RF
801#1$aRU
$bГлавНИВЦ
$c20211122
$2rusmarc
801#2$aRU
$bПБ им. Б.Н. Ельцина
$c20211214
$gRCR
$2rusmarc
852##$aГА РФ
$j248
937##$d171607827
$hГАРФ
035##$aRuPRLIB51062088
856##$uhttp://readingroom.main.prlib.ru/item.aspx?id_node=n171607827&mode=full
Формат отображения